| 000 | 00907nam a2200253 i 4500 | ||
|---|---|---|---|
| 003 | DO-SdBNP | ||
| 005 | 20240501091253.0 | ||
| 007 | ta | ||
| 008 | 110926s1997 xxuac 000 spa d | ||
| 020 | _a189041100 | ||
| 040 |
_aDO-SdBNP _bspa _cBNPHU _erda |
||
| 041 | 1 | 7 | _heng |
| 082 | 4 | _222 | |
| 100 | 1 |
_aAquino, Miguel, _983361 _eautor |
|
| 245 | 1 | 0 |
_aHolocaust in the Caribbean : _bthe slaugter of twenty-five thousand Haitians by Trujillo in one week / _cMiguel Aquino ; traducción, Sandra Mora, Diane Mouradian y Susana Torres Montes ; edición, Ann Honan Rodrigues |
| 264 |
_aBoston, Estados Unidos : _bEmancipacion Press, _c1997. |
||
| 300 |
_a184 páginas : _bilustraciones y retratos ; _c23 cm. |
||
| 336 |
_2rdacontent _atexto _btxt |
||
| 337 |
_2rdamedia _asin mediación _bn |
||
| 338 |
_2rdacarrier _avolumen _bnc |
||
| 590 | _aInventariado, 2023/BT | ||
| 910 | _aBtavárez | ||
| 942 |
_2ddc _cLBS1 |
||
| 999 |
_c33650 _d33650 |
||